000 01543nam a2200361 a 4500
001 ebr10486475
003 CaPaEBR
006 m u
007 cr cn|||||||||
008 110318s2011 nyu sbm 001 0 eng d
010 _z 2011010091
020 _z9783110256581 (hardcover : alk. paper)
020 _z9783110259117 (e-book)
040 _aCaPaEBR
_cCaPaEBR
035 _a(OCoLC)754713581
043 _ae-gr---
050 1 4 _aPA3967.Z6
_bW53 2011eb
082 0 4 _a880.9/001
_222
100 1 _aWiater, Nicolas.
245 1 4 _aThe ideology of classicism
_h[electronic resource] :
_blanguage, history, and identity in Dionysius of Halicarnassus /
_cby Nicolas Wiater.
260 _aNew York :
_bDe Gruyter,
_c2011.
300 _axi, 395 p.
490 1 _aUntersuchungen zur antiken Literatur und Geschichte,
_x1862-1112 ;
_vBd. 105
500 _a"Ph.D. dissertation, Bonn University, 2008."
504 _aIncludes bibliographical references and indexes.
533 _aElectronic reproduction.
_bPalo Alto, Calif. :
_cebrary,
_d2013.
_nAvailable via World Wide Web.
_nAccess may be limited to ebrary affiliated libraries.
600 0 0 _aDionysius,
_cof Halicarnassus
_xCriticism and interpretation.
650 0 _aClassicism
_zGreece
_xHistory.
655 7 _aElectronic books.
_2local
710 2 _aebrary, Inc.
830 0 _aUntersuchungen zur antiken Literatur und Geschichte ;
_vBd. 105.
856 4 0 _uhttp://site.ebrary.com/lib/rucke/Doc?id=10486475
_zAn electronic book accessible through the World Wide Web; click to view
999 _c124369
_d124369